| 000 | 00475cam a2200193ua 4500 | ||
|---|---|---|---|
| 001 | 5297 | ||
| 005 | 20260515113847.0 | ||
| 008 | 120808n ii |||gr||||Z||||||eng | ||
| 040 | _cMAIN | ||
| 082 | _a821 | ||
| 100 |
_aAvadhani, P. S., _eEditor, |
||
| 245 | 1 | 1 |
_aAn essay of dramatic poesy _cby P. S. Avadhani |
| 250 | _a1st. | ||
| 260 |
_aAgra: _bLakshmi narain agarwal. |
||
| 300 |
_a209p: _c15cm. |
||
| 653 | _aEnglish poetry | ||
| 700 |
_aDryden, _eAuthor. |
||
| 942 | _cBK | ||
| 999 |
_c4475 _d4475 |
||